000 00497nam a22001697a 4500
008 171224b xxu||||| |||| 00| 0 eng d
082 _aCD13466
100 _aSilwal, Bijaya
245 _aEffectiveness of constructivist method on students achievement in geometry.
260 _aKathmandu:
_c2017.
502 _aDissertation
_bDegree in Education( Mathematics)
_cTU
650 _aEducation
650 _aMathematics
650 _aStudents achievement
650 _aGeometry
942 _2ddc
_cVM
999 _c82061
_d82050